Têtes de Listes aux élections municipales 2026 à Toulouse - Statistiques

Statistiques générales
  • Ce quiz a été pris 11 fois
  • Le résultat moyen est 4 sur 10
Statistiques - réponses
Liste Partis Chef de file ou candidat à la mairie % Correct
Avec ..., Protégeons l'Avenir de Toulouse Divers Droite Jean-Luc Moudenc
100%
Demain Toulouse à gauche et écologique La France Insoumise François Piquemal
60%
Vivre mieux La gauche unie, écologiste, citoyenne et solidaire Parti Socialiste François Briançon
50%
A la Reconquête ! de Toulouse Reconquête ! Arthur Cottrel
30%
Le bon sens toulousain Rassemblement National Julien Leonardelli
30%
Nouvel air Nouvel Air Lambert Meilhac
30%
Lutte ouvrière - Le camp des travailleurs Lutte Ouvrière Malena Adrada
30%
Une travailleuse au capitole Révolution Permanente Vanessa Pedinotti
30%
NPA Révolutionnaires - Toulouse ouvrière et révolutionnaire. Nouveau Parti Anticapitaliste - Révolutionnaires Guillaume Scali
20%
Toulouse pour les jeunes, les travailleurs et les services publics, contre les budgets de guerre Parti des travailleurs Julian Menendez
20%
Aucun quiz correspondant
Distribution des résultats
% des personnes avec chaque résultat
Percentile par nombre de réponses
Votre historique - résultats
Vous n’avez pas pris ce quiz